|
|
|
|
| LEADER |
00000nam0a2200000 4500 |
| 001 |
357460 |
| 005 |
20231102011008.0 |
| 035 |
|
|
|a (RuTPU)RU\TPU\retro\14728
|
| 090 |
|
|
|a 357460
|
| 100 |
|
|
|a 20200805d1978 km y0rusy50 ca
|
| 101 |
0 |
|
|a rus
|
| 102 |
|
|
|a RU
|
| 105 |
|
|
|a ac z 000zb
|
| 200 |
1 |
|
|a О И. Ф. Стравинском и его близких
|f К. Ю. Стравинская
|g под ред. В. В. Смирнова
|
| 210 |
|
|
|a Москва
|c Музыка
|d 1978
|
| 215 |
|
|
|a 232 с.
|c ил.
|
| 600 |
|
1 |
|a Стравинский
|b И. Ф.
|c русский композитор
|f 1882-1971
|g Игорь Федорович
|2 stltpush
|3 (RuTPU)RU\TPU\pers\11072
|9 2447
|
| 606 |
1 |
|
|a Композиторы
|2 stltpush
|3 (RuTPU)RU\TPU\subj\15032
|9 41330
|
| 610 |
1 |
|
|a музыка
|
| 610 |
1 |
|
|a музыкальная культура
|
| 610 |
1 |
|
|a музыкальная деятельность
|
| 610 |
1 |
|
|a музыкальное творчество
|
| 610 |
1 |
|
|a русская музыка
|
| 610 |
1 |
|
|a история
|
| 610 |
1 |
|
|a 20 век
|
| 610 |
1 |
|
|a воспоминания
|
| 610 |
1 |
|
|a персоналии
|
| 675 |
|
|
|a 78.071.1
|v 4
|
| 700 |
|
1 |
|a Стравинская
|b К. Ю.
|g Ксения Юрьевна
|
| 702 |
|
1 |
|a Смирнов
|b В. В.
|4 340
|
| 801 |
|
1 |
|a RU
|b 63413507
|c 20200805
|
| 801 |
|
2 |
|a RU
|b 63413507
|c 20210220
|g RCR
|
| 942 |
|
|
|c BK
|